书目信息 |
| 题名: |
现代设计方法
|
|
| 作者: | 钟志华 , 周彦伟 主编 | |
| 分册: | ||
| 出版信息: | 武汉 武汉工业大学出版社 2001.8 |
|
| 页数: | 253页 | |
| 开本: | 30cm | |
| 丛书名: | ||
| 单 册: | ||
| 中图分类: | TH122-43 | |
| 科图分类: | ||
| 主题词: | 机械设计 | |
| 电子资源: | ||
| ISBN: | 7-5629-1730-2 | |
| 000 | 00611nam0 2200205 45 | |
| 001 | 8035927585 | |
| 005 | 1980022409584692 | |
| 010 | @a7-5629-1730-2@dRMB 25.00 | |
| 100 | @a19800224d2001 km y0chiy0120 ea | |
| 101 | 0 | @achi |
| 102 | @aCN@b420000 | |
| 200 | 1 | @a现代设计方法@Axian dai she ji fang fa@f钟志华,周彦伟主编@Fzhong zhi hua,zhou yan wei zhu bian |
| 210 | @a武汉@c武汉工业大学出版社@d2001.8 | |
| 215 | @a253页@d30cm | |
| 606 | 0 | @a机械设计 |
| 690 | @aTH122-43@v3 | |
| 701 | 0 | @a钟志华@Azhong zhi hua@4主编 |
| 701 | 0 | @a周彦伟@Azhou yan wei@4主编 |
| 801 | 0 | @aCN@bPFT@c19800224 |
| 905 | @dTH122-43@eZ734 | |
| 现代设计方法/钟志华,周彦伟主编.-武汉:武汉工业大学出版社,2001.8 |
| 253页;30cm |
| ISBN 7-5629-1730-2:RMB 25.00 |
| ● |
| 相关链接 |
|
|
|
正题名:现代设计方法
索取号:TH122-43/Z734
 
预约/预借
| 序号 | 登录号 | 条形码 | 馆藏地/架位号 | 状态 | 备注 |
| 1 | 362580 | 203625808 | 自科库501/501自科库 34排4列1层/ [索取号:TH122-43/Z734] | 在馆 |